Hospodárska situácia podniku a možnosti zlepšovania jeho finančných výsledkov.

Úspešné podniky a podnikatelia analyzujú a vyhodnocujú svoju hospodársku situáciu a finančné výsledky. Údaje o hospodárnosti a rentabilite podniku získame zo vzťahu údajov vo výsledovke, v súvahe a účtovnej evidencii. Analýza základných vzťahov vo vnútri súvahy. Analýza úrovne hospodárnosti a finanč...

ver descrição completa

Na minha lista:
Detalhes bibliográficos
Autor principal: Jassinger, A.
Formato: Capítulo de Livro
Idioma:eslovaco
Assuntos:
Tags: Adicionar Tag
Sem tags, seja o primeiro a adicionar uma tag!

MARC

LEADER 00000naa a2200000 4500
001 r012160
005 20220831094534.0
041 0 |a slo 
044 |a SK 
245 1 0 |a Hospodárska situácia podniku a možnosti zlepšovania jeho finančných výsledkov.  |c A. Jassinger 
520 |a Úspešné podniky a podnikatelia analyzujú a vyhodnocujú svoju hospodársku situáciu a finančné výsledky. Údaje o hospodárnosti a rentabilite podniku získame zo vzťahu údajov vo výsledovke, v súvahe a účtovnej evidencii. Analýza základných vzťahov vo vnútri súvahy. Analýza úrovne hospodárnosti a finančných výnosov. 
610 2 0 |a hospodárenie podnikové 
610 2 0 |a hospodárenie finančné 
610 2 0 |a súvaha 
610 2 0 |a výsledovka 
610 2 0 |a výsledok hospodársky 
100 1 |a Jassinger, A.